Economic & Commercial Geography of India (Record no. 601618)

MARC details
000 -LEADER
fixed length control field 00314nam a2200121Ia 4500
008 - FIXED-LENGTH DATA ELEMENTS--GENERAL INFORMATION
fixed length control field 251208s9999 xx 000 0 und d
082 ## - DEWEY DECIMAL CLASSIFICATION NUMBER
Classification number 332.6324
Item number MAM
100 ## - MAIN ENTRY--AUTHOR NAME
Personal name C. B. Mamoria
245 #0 - TITLE STATEMENT
Title Economic & Commercial Geography of India
260 ## - PUBLICATION, DISTRIBUTION, ETC. (IMPRINT)
Name of publisher Shiva Lal Agarwala & Co
942 ## - ADDED ENTRY ELEMENTS (KOHA)
Koha item type Reference
Holdings
Withdrawn status Lost status Damaged status Not for loan Home library Current library Shelving location Date acquired Full call number Accession Number Price effective from Koha item type
        Anna Centenary Library Anna Centenary Library 4TH FLOOR, A WING 08.12.2025 332.6324 MAM G003974 08.12.2025 English Books

Find us on the map